| 000 | 01270cam a2200385M 4500 | ||
|---|---|---|---|
| 001 | 91957 | ||
| 005 | 20230410120914.0 | ||
| 008 | 080310s2008 sp a 001 0dspa d | ||
| 035 | _a(OCoLC)ocn433469435 | ||
| 040 |
_aBNM _erdc _bspa _cBNM _dXVF |
||
| 015 | _aMON0806 | ||
| 017 | _aM 53795-2007 | ||
| 020 | _a9788420662305 | ||
| 020 | _a8420662305 | ||
| 035 | _a(OCoLC)433469435 | ||
| 041 | 1 |
_aspa _hger |
|
| 050 | 1 | 4 |
_aJC 263 _bW375e 2008 |
| 082 | 0 | 0 | _a306.2 |
| 100 | 1 |
_aWeber, Max, _d1864-1920. |
|
| 245 | 1 | 0 |
_aEscritos políticos / _cMax Weber ; edición y traducción de Joaquin Abellan. |
| 250 | _a2a ed. rev. en "Area de conocimiento: Ciencias sociales", 2a. de la obra modificada. | ||
| 260 |
_aMadrid _bAlianza Editorial _c2008. |
||
| 300 |
_a348 p. _bmapas _c18 cm. |
||
| 490 | 1 |
_aEl libro de bolsillo. Ciencia politica _v3440 |
|
| 504 | _aBibliografia: p. 57-59. Indice. | ||
| 650 | 4 | _aPrimera Jornada de Catalogacion. | |
| 650 | 0 | _aPolitical science. | |
| 650 | 4 |
_aCiencia política _vEnsayos, conferencias, etc. |
|
| 650 | 4 |
_aCiencias sociales _vEnsayos, conferencias, etc. |
|
| 700 | 1 |
_aAbellan, Joaquin, _eed. |
|
| 830 | 3 |
_aEl libro de bolsillo. _pCiencia politica ; _v3440. |
|
| 942 |
_2lcc _cbk |
||
| 994 |
_aC0 _bDRFGD |
||
| 946 | _anc | ||
| 999 |
_c54135 _d54135 |
||